La Dona incompleta / David Plana ; pròleg de Toni Casares
ISBN:
84-7794-771-6
Descripción Física:
85 p. ; 18 cm
Colección:
Biblioteca teatral ; 101
Otros Autores:
Casares, Toni, pr
MARC
| LEADER | 00000nam a2200000Ia 4500 | ||
|---|---|---|---|
| 001 | 13166 | ||
| 008 | 160829s2001 xx 000 0 cat d | ||
| 020 | |a 84-7794-771-6 | ||
| 080 | |a L-1-348 | ||
| 100 | |a Plana, David |9 37590 | ||
| 245 | |a La Dona incompleta / David Plana ; pròleg de Toni Casares | ||
| 260 | |a Barcelona : |b Institut del Teatre de la Diputació de Barcelona, |c 2001 | ||
| 300 | |a 85 p. ; |c 18 cm | ||
| 490 | |a Biblioteca teatral ; 101 | ||
| 700 | |a Casares, Toni, pr. |9 37591 | ||
| 710 | 1 | |a Institut del Teatre (Barcelona, Catalunya) |9 52662 | |
| 710 | 1 | |a Barcelona (Catalunya : Província). |b Diputació |9 52408 | |
| 901 | |a Arxiu | ||
| 942 | |n 1 | ||
| 952 | |0 0 |1 0 |4 0 |6 L1348 |7 1 |9 47941 |a Arxiu |b Arxiu |d 2016-12-01 |l 0 |o L-1-348 |p 13166 |r 2016-12-01 00:00:00 |w 2016-12-01 |y ARXIU | ||
| 999 | |c 51741 |d 51741 | ||